Čerpací stanice

Bibliographic Details
Main Author: Pivoda, Bohuslav (Author)
Format: Book
Language:Undetermined
PhysicalDescription:294 s.
Published: Brno Vysoké učení technické 1981
Edition:1. vyd.

MARC

LEADER 00000nam a2200000 a 4500
001 vtls001451855
003 SK-MaSNL
005 20260301073140.0
008 240318s1981 xr 0 und
035 |a SNK000407162 
040 |a SNK  |b slo  |c SNK  |e AACR2 
044 |a xr  |c CZ 
100 1 |a Pivoda, Bohuslav  |4 aut  |9 67545 
245 1 0 |a Čerpací stanice 
250 |a 1. vyd. 
260 |a Brno  |b Vysoké učení technické  |c 1981 
300 |a 294 s. 
958 |a OND 
999 |c 643263  |d 645193 
952 |t P60, <04>, [BOOK], {604}  |a SNK  |b SNK  |y VYP  |7 0  |p 17A0376636  |o snkIB 47551 D1  |i snkKIP 3128/82  |0 0  |1 1  |4 0  |d 2003-03-28  |l 0  |r 2005-01-02 00:00:00  |w 2026-02-23